Hồ Xuân Hương Theo chương trình phân ban 1997 - 1998 của Bộ GD ĐT
.
Αποθηκεύτηκε σε:
| Μορφή: | Βιβλίο |
|---|---|
| Γλώσσα: | Vietnamese |
| Έκδοση: |
TP. Hồ Chí Minh
Nxb. Văn nghệ TP. Hồ Chí Minh
1997
|
| Σειρά: | Tử sách Văn học trong nhà trường
|
| Θέματα: | |
| Ετικέτες: |
Προσθήκη ετικέτας
Δεν υπάρχουν, Καταχωρήστε ετικέτα πρώτοι!
|
| Thư viện lưu trữ: | Mạng thư viện Đại học Đà Nẵng |
|---|
| LEADER | 01051nam a2200301 4500 | ||
|---|---|---|---|
| 001 | 000014391 | ||
| 003 | 10756 | ||
| 005 | 20120426090443.0 | ||
| 008 | 120426s1997 viesd | ||
| 020 | |c 13000đ | ||
| 041 | 0 | |a vie | |
| 082 | |a 895.92209 |b Hôx | ||
| 245 | 0 | |a Hồ Xuân Hương |b Theo chương trình phân ban 1997 - 1998 của Bộ GD ĐT |c Hồ Sĩ Hiệp (st, bs) | |
| 260 | |a TP. Hồ Chí Minh |b Nxb. Văn nghệ TP. Hồ Chí Minh |c 1997 | ||
| 300 | |a 203tr |c 19cm | ||
| 490 | |a Tử sách Văn học trong nhà trường | ||
| 520 | |a . | ||
| 653 | |a Hồ Xuân Hương | ||
| OWN | |a LSP | ||
| AVA | |a UDN50 |b LSP |d 895.92209 Hôx |e available |t Error 5001 Not defined in file expand_doc_bib_avail. |f 3 |g 0 |h N |i 0 |k 1 | ||
| 999 | |a From the UDN01 | ||
| AVA | |a UDN50 |b LSP |d 895.92209 Hôx |e available |t Error 5001 Not defined in file expand_doc_bib_avail. |f 3 |g 0 |h N |i 0 |k 1 | ||
| TYP | |a Monograph | ||
| TYP | |a Printed language | ||
| 980 | |a Mạng thư viện Đại học Đà Nẵng | ||